Hogyan tanítsuk...
Elmentve itt :
| Szerző: | |
|---|---|
| Dokumentumtípus: | Cikk |
| Megjelent: |
1993
|
| Sorozat: | Iskolakultúra
3 No. 5 |
| Kulcsszavak: | Matematika tanítása, Pedagógia |
| Online Access: | http://misc.bibl.u-szeged.hu/43603 |
| LEADER | 00586nab a2200181 i 4500 | ||
|---|---|---|---|
| 001 | misc43603 | ||
| 005 | 20191106141233.0 | ||
| 008 | 180831s1993 hu o 0|| zxx d | ||
| 022 | |a 1215-5233 | ||
| 040 | |a SZTE Miscellanea Repozitórium |b hun | ||
| 041 | |a zxx | ||
| 100 | 1 | |a Köves László | |
| 245 | 1 | 0 | |a Hogyan tanítsuk... |h [elektronikus dokumentum] / |c Köves László |
| 260 | |c 1993 | ||
| 300 | |a 69-74 | ||
| 490 | 0 | |a Iskolakultúra |v 3 No. 5 | |
| 695 | |a Matematika tanítása, Pedagógia | ||
| 856 | 4 | 0 | |u http://misc.bibl.u-szeged.hu/43603/1/iskolakultura_1993_005_069-074.pdf |z Dokumentum-elérés |